000 00606nam a22001817a 4500
005 20150817113523.0
010 _aENG-109822
020 _a9789350095799
_c650.00
035 _aEN-93355
037 _bDBAD/PUB
082 _a327.54051
100 _aGupta, Shishir
245 0 0 _aThe Himalayan face-off :
_cby Shishir Gupta
_bChinese assertion and the Indian riposte /
260 _aGurgaon
_bHachette Book Publishing
_c2014
270 _a4th and 5th Floors, Corporate Centre Plot No. 94, Sector 44
_bGurgaon
_e122003
300 _axii,328p.
_c24cm(Hb)
942 _2ddc
_cEN
_mGUP
_h327.54051
999 _c83847
_d83847